000 00668nam a2200277Ia 4500
008 160716s9999||||xx |||||||||||||| ||und||
040 _cEnglish
082 _aXI.A/Barker
082 _bBORI-53248
100 _aErnest Barker
245 _aEssays on Government
260 _c1945
300 _avii+269
300 _cB
300 _eHardbound
530 _bPatwardhan
530 _u00053248.pdf
563 _aStudy
600 _aErnest Barker
630 _aEssays on Government
650 _a"Politics, History and Historiography"
650 _aGeneral Indology
700 _aErnest Barker
730 _aEssays on Government
942 _cBOOK
999 _c1396720
_d1396717